000 00679nam a2200229 a 4500
001 BRL_1920
005 20190320211433.0
008 180815s1990----mx-a######---#000-0#spa-#
041 _aspaeng
044 _amx
050 4 _aNK8983
_b.T49 1990
245 1 0 _aTextiles de lana de la Sierra Zongolica = Wool Textiles from Zongolica.
260 _aVeracruz, México
_bGobierno del Estado de Veracruz
_c199-?
300 _a32 p.
_bil. a color
_c28 cm.
500 _aAu1258
546 _aTexto en : inglés y español
650 1 4 _aTextiles
_zMéxico
_94784
651 4 _aZongolica, Veracruz
_928237
740 0 _aWool Textiles from Zongolica
902 _aGRL
942 _2lcc
_cB
999 _c10728
_d10728